000 01719nam a2200157 4500
008 779.99 M965m
020 _a9076703191
082 _a779.99
_bM965m
100 _aMelis, Wim (curaduría)
_97076
245 _aMundos creados:
_bLatijns-Amerikaanse Fotografie
260 _aAmsterdam
_bStichting Aurora Borealis
_c2002
300 _a227 p.
_bil (col)
_c22,2 x 22,2 xm
505 _tColophon
_tIntroduction
_tMUNDOS CREADOS I
_tLuis González Palma
_tAlexander Apóstol
_tRoxana Nagygellér
_tMarta María Pérez Bravo
_tJuan Carlos Alom
_tDaniel Hernández Salazar
_tCarlos Motta
_tVíctor Vázquez
_tCinthya Soto
_tIrene Torrebiarte
_tRebeca Alpízar
_tMuriel Hasbun
_tLiudmila & Nelson
_tNelson Garrido
_tKarla Solano
_tJorge Albán
_tPatricia Villalobos
_tLissie Habié
_tGustavo Araujo
_tLuis Paredes
_tRicardo Gómez Pérez
_tAlbert V. Chong
_tMUNDOS CREADOS II
_tDesiree Dolron
_tMarianne Greber
_tChristian Courrèges
_tJavier Silva Meinel
_tDiego Cifuentes
_tHugo Cifuentes
_tGraciela Iturbide
_tMarcos Prado
_tAta Kando
_tClaudia Adujar
_tAnne Senstad
_tMarcos López
_tAnoek Steketee
_tEustáquio Neves
_tRodrigo Gómez
_tGuus Rijven
_tAdriana Beatriz Mirada
_tFlor Garduño
_tMaya Goded
_tLola Alvarez Bravo
_tMario Cravo Neto
_tWietze Landman
_tAnnette den Ouden
_tCristina García Rodero
_tBruno Stevens
_tLuis Weinstein
_tMiguel Rio Branco
_tLaura Cohen
_tClaudio Pérez
_tTrinidad Carrillo
_tDeeez
_tDiana Blok
_tHannes Wallrafen
_tTexts
_tVirginia Pérez Ratton
_tPhotographers
_tNotes
_tExhibition Programme
_tColophon (Festival)
650 _xarte contemporáneo
_xfotografía
_xfotografía - América Latina - exhibiciones
_xfotografía - historia
_97077
700 _aPietersma, Illand & Platzer, Bert (edición)
_97078
999 _c1804
_d1804